000
00195 a2200097 4500
020
_a
9789996480850
041
_a
spa
100
_a
Pierre Pierson
245
_a
El Arbol de los Siboles
942
_c
BK
999
_c
30688
_d
30686